| Поле | Название | Значение |
| |
Тип записи |
a |
| |
Библиографический уровень |
m |
| 001 |
Контрольный номер |
RU/IS/BASE/447257320 |
| 005 |
Дата корректировки |
20201206204913.3 |
| 010 |
Индекс ISBN |
__ |
| a |
ISBN |
978-5-369-01003-7 (РИОР) |
| 010 |
Индекс ISBN |
__ |
| a |
ISBN |
978-5-16-005707-1 (ИНФРА-М) |
| d |
Цена |
239-88 |
| 101 |
Язык документа |
0_ |
| a |
Язык текста |
rus |
| 200 |
Заглавие и сведения об ответственности |
1_ |
| a |
Заглавие |
Экономикс |
| e |
Сведения, относящиеся к заглавию |
учеб. пособие : для бакалавров, обучающихся по направлениям "Экономика" и "Менеджмент" : соответствует Федер. гос. образоват. стандарту 3-го поколения |
| f |
Первые сведения об ответственности |
В. С. Гродский |
| b |
Общее обозначение материала |
Текст |
| 210 |
Выходные данные |
__ |
| a |
Место издания |
Москва |
| c |
Издательство |
РИОР |
| c |
Издательство |
ИНФРА-М |
| d |
Дата издания |
2013 |
| 215 |
Физическое описание |
__ |
| a |
Объем |
220, [2] с. |
| c |
Иллюстрации/тип воспроизводства |
ил. |
| d |
Формат |
22 |
| 225 |
Серия |
__ |
| a |
Серия |
Высшее образование |
| i |
Наименование части |
Бакалавриат и магистратура |
| 300 |
Общие примечания |
__ |
| a |
Общие примечания |
На обороте тит. л. авт.: Гродский В.С., д.э.н., проф. |
| a |
Общие примечания |
На тит. л. и обл.: Электронно-библиотечная система znanium.com |
| 320 |
Библиография |
__ |
| a |
Библиография |
Библиогр. в конце гл. и в подстроч. прим. |
| 330 |
Аннотация |
__ |
| a |
Аннотация |
В кратком учебном пособии представлены традиционные и дополнительные темы курса "Экономическая теория", изучаемого на первой ступени современной системы высшего образования. Темы микро- и макроэкономике излагаются по единой, последовательно маржинальной методологии. В отдельных главах рассматриваются вопросы закономерностей развития экономической мысли и практики, важные для понимания теории рынка. Адресуется студентам бакалавриата и преподавателям, специализирующимся в области экономики. |
| 606 |
Тематические рубрики |
__ |
| a |
Основная рубрика |
Экономика |
| 606 |
Тематические рубрики |
__ |
| a |
Основная рубрика |
Общая экономическая теория |
| 610 |
Ключевые слова |
__ |
| a |
Ключевые слова |
ретроэкономикс; экономикс; политэкономия; история экономики; экономическая мысль; микроэкономикс; макроэкономикс; конкуренция (экономика); рынок; ценообразование; распределение доходов; рыночная экономика; конкурентные рынки; производственный потенциал; ресурсный потенциал; экономический потенциал; экономическое равновесие; экономическое развитие; развитие экономики; метаэкономикс; индустриальное общество |
| 686 |
Индексы других классификаций |
__ |
| a |
Классификационный индекс |
65.01я73 |
| 700 |
Автор |
_1 |
| a |
Фамилия |
Гродский |
| b |
Имя |
В. С. |
| g |
Полное личное имя |
Владимир Сергеевич |
| 4 |
Код отношения |
070 |
| 801 |
Источник записи |
_0 |
| a |
Страна |
RU |
| b |
Организация |
Муниципальное бюджетное учреждение культуры "Централизованная библиотечная система" г. Сургут (Центральная городская библиотека им. А. С. Пушкина) |
| g |
Правила каталогизации |
КиК/Лукашук |
| 801 |
Источник записи |
_1 |
| a |
Страна |
RU |
| b |
Организация |
Муниципальное бюджетное учреждение культуры "Централизованная библиотечная система" г. Сургут (Центральная городская библиотека им. А. С. Пушкина) |
| g |
Правила каталогизации |
КиК/Лукашук |
| 852 |
Данные о местонахождении |
__ |
| j |
Шифр хранения |
65.01я73 |
| i |
Авторский знак |
Г 86 |
| 901 |
Тип документа |
__ |
| t |
Тип документа |
m |
| 903 |
Характеристики (МАРС) |
__ |
| a |
Дата передачи |
20140304 |
| 969 |
Тип издания |
__ |
| a |
Тип издания |
учебное пособие |
| 990 |
Данные о заказе (DOS) |
__ |
| j |
Количество экземпляров (DOS) |
8 |
| t |
N записи в КСУ для И/У (DOS) |
201403 |